000 00572nam a2200193Ii 4500
003 JO-AjNU
008 230605s9999||||xx |||||||||||||| ||und||
040 _aJO-AjNU
_bara
_erda
_cJO-AjNU
041 _aara
050 1 4 _aBP106.2.A67 1970
100 3 _aالعقاد،عباس محمود,
_eauthor
_913325
245 0 0 _aما يقال عن الإسلام
264 3 1 _aد.م: دار الهلال، 1970
300 _a194ص
336 _atext
_btxt
_2rdacontent
337 _aunmediated
_bn
_2rdamedia
338 _avolume
_bnc
_2rdacarrier
650 4 _aالاسلام
_913326
999 _aA3289
_c6857
_d6857